| 000 | 01302nam0a22003251 4500 | ||
|---|---|---|---|
| 001 | rc\4690739 | ||
| 005 | 20250612153705.0 | ||
| 021 |
_aRU _b[64-30879] |
||
| 035 | _a(NLR Aleph) 008713226 | ||
| 090 |
_a9371539 _c9371538 |
||
| 100 | _a20130416d1964 |||y0rusy50 ca | ||
| 101 | 0 | _arus | |
| 102 | _aRU | ||
| 105 | _aa z ||||| | ||
| 200 | 1 | _aПрименение радиоактивных изотопов для контроля доменного процесса | |
| 210 |
_aМосква _cАтомиздат _d1964 |
||
| 215 |
_a170 с. _cил. _d20 |
||
| 300 | _aПеред загл. авт.: П.Л. Грузин, В.Н. Афанасьев, С.В. Земский, В.Г. Смирнов | ||
| 320 | _aБиблиогр.: с. 161-168 (131 назв.) | ||
| 606 |
_aРадиоактивные изотопы _xПрименение в металлургии _2psbo |
||
| 606 |
_aДоменное производство _xТехнический контроль _xИзотопный метод _2psbo |
||
| 701 | 1 |
_aАфанасьев _bВ.Н. |
|
| 701 | 1 |
_aЗемский _bС.В. |
|
| 701 | 1 |
_aСмирнов _bВ.Г. |
|
| 701 | 1 |
_aГрузин _bП.Л. _gПавел Лукич |
|
| 801 | 0 |
_aRU _bNLR _gpsbo |
|
| 801 | 1 |
_aRU _bELAR _2rusmarc |
|
| 852 |
_aNLR _j64-3/2653 |
||
| 942 | _cBOOK | ||
| 980 | _aNB | ||